000 00435nam a2200157Ia 4500
008 231217s9999 xx 000 0 und d
041 _aEnglish
082 _a621.381952 PAT;2
100 _aPatterson, David James Hennessy, John L
245 0 _aComputer architecture: A quantitative approach
250 _a2nd ed.
260 _c1996
_bHercourt Asia,USA
300 _axxiii+760
650 _aComputer architecture
942 _cAA
999 _c167041
_d167041